[Event "4NCL Division Four"]
[Site "Warwick, ENG"]
[Date "2023.05.01"]
[Round "11.33"]
[White "Vachtfeidl, Petr"]
[Black "Walner, Milenko"]
[Result "1/2-1/2"]
[WhiteElo "1887"]
[BlackElo "1779"]
[PlyCount "25"]
[EventDate "2023.05.01"]
[WhiteTeam "CSC/Kingston 2"]
[BlackTeam "MASCeteers"]

1. d4 d5 2. c4 e5 3. dxe5 d4 4. Nf3 Nc6 5. a3 a5 6. Bg5 Be7 7. Bxe7 Ncxe7 8. e3
Bg4 9. exd4 Bxf3 10. Qxf3 Qxd4 11. Nc3 O-O-O 12. Rd1 Qxe5+ 13. Be2 1/2-1/2

[Event "4NCL Division Four"]
[Site "Warwick, ENG"]
[Date "2023.05.01"]
[Round "11.34"]
[White "Dos Santos Silva, Bruno Alexandre"]
[Black "Eckert, Jonathan"]
[Result "1-0"]
[WhiteElo "1772"]
[BlackElo "1687"]
[PlyCount "81"]
[EventDate "2023.05.01"]
[WhiteTeam "MASCeteers"]
[BlackTeam "CSC/Kingston 2"]

1. d4 f5 2. Nc3 d5 3. Bf4 a6 4. e3 Nf6 5. Nf3 e6 6. Ne5 c5 7. g4 fxg4 8. Nxg4
Nc6 9. Bg5 Be7 10. Bxf6 Bxf6 11. Nxf6+ Qxf6 12. dxc5 O-O 13. Qd2 Ne5 14. O-O-O
Qxf2 15. Be2 Nf3 16. Bxf3 Rxf3 17. Qxf2 Rxf2 18. Rdf1 Rxf1+ 19. Rxf1 Bd7 20.
Kd2 Rf8 21. Rxf8+ Kxf8 22. Kd3 Ke7 23. Kd4 Bc6 {(=)} 24. Ke5 g5 25. b4 Be8 26.
Ne2 h5 27. Nd4 Bd7 28. Nb3 g4 29. Na5 Bc6 30. Nxc6+ bxc6 31. Kf4 Kf6 32. a4 e5+
33. Kg3 d4 34. e4 Kg5 35. b5 h4+ 36. Kg2 cxb5 37. axb5 axb5 38. c6 Kf6 39. c7
h3+ 40. Kg1 Ke7 41. c8=Q 1-0

[Event "4NCL Division Four"]
[Site "Warwick, ENG"]
[Date "2023.05.01"]
[Round "11.35"]
[White "Grey, Nicholas D"]
[Black "Drugan, Mark A"]
[Result "0-1"]
[WhiteElo "1717"]
[BlackElo "1706"]
[PlyCount "80"]
[EventDate "2023.05.01"]
[WhiteTeam "CSC/Kingston 2"]
[BlackTeam "MASCeteers"]

1. e4 e5 2. Nf3 Nc6 3. Bb5 a6 4. Bxc6 dxc6 5. d4 exd4 6. Qxd4 Qxd4 7. Nxd4 Bc5
8. Be3 Ne7 9. Nd2 Bd6 10. O-O-O Ng6 11. Rde1 O-O 12. g3 f5 13. f4 fxe4 14. Nxe4
Re8 15. Bd2 Bd7 16. f5 Ne5 17. Rhf1 c5 18. Nb3 Bb5 19. Rf2 Ng4 20. Rf4 Bxf4 21.
Bxf4 Nf2 22. Nbxc5 Nxe4 23. Ne6 Nd6 24. g4 Bc4 25. Re3 Bxe6 26. fxe6 Rad8 27.
b3 h6 28. c4 b5 29. e7 Rd7 30. c5 Nc8 31. g5 Rdxe7 32. Rxe7 Rxe7 33. gxh6 gxh6
34. Bxh6 b4 35. Bd2 a5 36. Bf4 c6 37. Kd2 Re4 38. Bg3 Ne7 39. Kd3 Re6 40. Kd2
Nd5 0-1

[Event "4NCL Division Four"]
[Site "Warwick, ENG"]
[Date "2023.05.01"]
[Round "11.36"]
[White "Vaidyanathan, Sathya"]
[Black "Cresswell, Mike J"]
[Result "0-1"]
[WhiteElo "1532"]
[BlackElo "1590"]
[PlyCount "112"]
[EventDate "2023.05.01"]
[WhiteTeam "MASCeteers"]
[BlackTeam "CSC/Kingston 2"]

1. b4 Nf6 2. Bb2 d6 3. e3 g6 4. Nf3 Bg7 5. d4 Nbd7 6. Bd3 O-O 7. h3 c5 8. bxc5
dxc5 9. O-O cxd4 10. Bxd4 Ne8 11. Bxg7 Nxg7 12. e4 Nc5 13. Nc3 Nxd3 14. cxd3 a6
15. a4 Be6 16. d4 Bc4 17. Re1 Rc8 18. d5 b5 19. axb5 axb5 20. Ne5 b4 21. Nxc4
Rxc4 22. Na4 Qc7 23. Qb3 Rb8 24. Qb2 Rc2 25. Qb3 Ne8 26. Ra2 Rxa2 27. Qxa2 b3
28. Qb2 Qa5 29. Ra1 Qb4 30. f3 Rc8 31. Ra3 Rc2 32. Rxb3 Rxb2 33. Rxb4 Rxb4 34.
Nc5 Nd6 35. Kf2 Kf8 36. Nd7+ Ke8 37. Ne5 e6 38. dxe6 fxe6 39. Ng4 Ke7 40. Ne5
Rb2+ 41. Kg3 Nf7 42. Nd3 Rd2 43. Nb4 Ne5 44. Na6 Kd6 45. f4 Rb2 46. fxe5+ Kc6
47. Kf4 Rb6 48. Kg5 Rxa6 49. g4 Ra3 50. h4 Rh3 51. h5 gxh5 52. gxh5 Kd7 53. Kg4
Rh1 54. Kg5 Ke7 55. Kh6 Kf7 56. Kg5 Kg7 0-1

[Event "4NCL Division Four"]
[Site "Warwick, ENG"]
[Date "2023.05.01"]
[Round "11.41"]
[White "Onley, David E"]
[Black "Maciol, Ryszard"]
[Result "1-0"]
[WhiteElo "2174"]
[BlackElo "2153"]
[PlyCount "87"]
[EventDate "2023.05.01"]
[WhiteTeam "War and Piece A"]
[BlackTeam "Celtic Tigers 2"]

1. e4 e6 2. d4 d5 3. Nd2 c5 4. Ngf3 Nf6 5. e5 Nfd7 6. c3 Nc6 7. Bd3 Qb6 8. O-O
Be7 9. Re1 a5 10. dxc5 Nxc5 11. Bc2 Qc7 12. Nb3 b6 13. Nbd4 Bd7 14. Nb5 Qb8 15.
Bf4 O-O 16. Bg3 Qd8 17. Qe2 Rc8 18. Rad1 a4 19. Nfd4 f5 20. exf6 Rxf6 21. Nxc6
Rxc6 22. c4 Na6 23. b3 Nb4 24. Bb1 axb3 25. axb3 Rc5 26. Be5 Rh6 27. Bd4 Rc8
28. Be3 Bg5 29. f4 Bh4 30. g3 Be7 31. Nd4 Nc6 32. Nf3 Bb4 33. Rf1 Qc7 34. f5
Bc5 35. Bxc5 bxc5 36. fxe6 Bxe6 37. cxd5 Nd4 38. Nxd4 Bxd5 39. Nf5 Re6 40. Qg4
Bxb3 41. Rde1 Rce8 42. Nh6+ Kh8 43. Rxe6 Bxe6 44. Qxe6 1-0

[Event "4NCL Division Four"]
[Site "Warwick, ENG"]
[Date "2023.05.01"]
[Round "11.42"]
[White "Quinn, John M"]
[Black "Tenin, Aleksander"]
[Result "1-0"]
[WhiteElo "2149"]
[BlackElo "2072"]
[PlyCount "57"]
[EventDate "2023.05.01"]
[WhiteTeam "Celtic Tigers 2"]
[BlackTeam "War and Piece A"]

1. d4 Nf6 2. Nf3 d6 3. c4 Bf5 4. Nc3 Ne4 5. Qb3 b6 6. g3 Nxc3 7. Qxc3 Be4 8.
Bg2 Nd7 9. O-O Nf6 10. Bg5 Bc6 11. d5 Bd7 12. Nd4 Qc8 13. e4 Bh3 14. Rae1 h6
15. Bxf6 gxf6 16. f4 h5 17. e5 fxe5 18. fxe5 h4 19. e6 Bxg2 20. exf7+ Kd7 21.
Kxg2 Bg7 22. Qe3 Be5 23. Ne6 hxg3 24. hxg3 Qa6 25. f8=Q Qxc4 26. Qf5 Qxd5+ 27.
Qef3 Qd2+ 28. Re2 Qh6 29. Nc5+ 1-0

[Event "4NCL Division Four"]
[Site "Warwick, ENG"]
[Date "2023.05.01"]
[Round "11.43"]
[White "Nawalaniec, Adam"]
[Black "Franco, Gaston"]
[Result "0-1"]
[WhiteElo "2099"]
[BlackElo "2108"]
[PlyCount "70"]
[EventDate "2023.05.01"]
[WhiteTeam "War and Piece A"]
[BlackTeam "Celtic Tigers 2"]

1. e4 c5 2. Nf3 Nc6 3. c4 g6 4. d4 cxd4 5. Nxd4 Bg7 6. Be3 Nf6 7. Nc3 O-O 8.
Be2 d6 9. O-O Nxd4 10. Bxd4 Bd7 11. Nd5 e6 12. Nxf6+ Bxf6 13. Bxf6 Qxf6 14. b4
Rfd8 15. Qd3 a6 16. a4 a5 17. b5 Rac8 18. Qd2 b6 19. Qxd6 Bc6 20. Qg3 Bxe4 21.
Qe3 Qd4 22. Qxd4 Rxd4 23. Rfd1 Rcd8 24. Rxd4 Rxd4 25. Rd1 Rxd1+ 26. Bxd1 Kf8
27. f4 Ke7 28. c5 bxc5 29. Bf3 Bc2 30. b6 Kd6 31. b7 Kc7 32. Bc6 Bb3 33. Kf2
Bd5 34. Be8 Bxb7 35. g4 f6 0-1

[Event "4NCL Division Four"]
[Site "Warwick, ENG"]
[Date "2023.05.01"]
[Round "11.44"]
[White "Pedersen, Carsten"]
[Black "Thurlow, Kevin J"]
[Result "1/2-1/2"]
[WhiteElo "2101"]
[BlackElo "2009"]
[PlyCount "35"]
[EventDate "2023.05.01"]
[WhiteTeam "Celtic Tigers 2"]
[BlackTeam "War and Piece A"]

1. e4 c5 2. Nc3 Nc6 3. g3 e6 4. Bg2 a6 5. Nf3 b5 6. O-O Bb7 7. Re1 d6 8. d3 Be7
9. a3 Qc7 10. Bg5 h6 11. Bxe7 Ngxe7 12. Qe2 O-O 13. h4 Nd4 14. Qd2 Rac8 15. Ne2
Nxf3+ 16. Bxf3 d5 17. exd5 Bxd5 18. Bxd5 1/2-1/2

[Event "4NCL Division Four"]
[Site "Warwick, ENG"]
[Date "2023.05.01"]
[Round "11.45"]
[White "Tucker, David S"]
[Black "Stevenson, James"]
[Result "1/2-1/2"]
[WhiteElo "2000"]
[BlackElo "1983"]
[PlyCount "125"]
[EventDate "2023.05.01"]
[WhiteTeam "War and Piece A"]
[BlackTeam "Celtic Tigers 2"]

1. e4 c5 2. Nf3 d6 3. d4 cxd4 4. Nxd4 Nf6 5. Nc3 a6 6. g3 e6 7. Bg2 Be7 8. O-O
O-O 9. Re1 Qc7 10. a4 Nc6 11. b3 Bd7 12. Bb2 Rfe8 13. Nxc6 Bxc6 14. Qd2 Rac8
15. Rac1 Qd7 16. Nd1 Red8 17. Bc3 Qc7 18. Bb2 b5 19. axb5 axb5 20. c4 Qb7 21.
f3 bxc4 22. bxc4 Ra8 23. Nc3 Nd7 24. Rb1 Rdb8 25. Bf1 Qb6+ 26. Kg2 Qc5 27. Qf2
Qxf2+ 28. Kxf2 Rb4 29. Ba1 Rxb1 30. Rxb1 Bf6 31. Ke3 Nc5 32. Rb6 Be8 33. Bb2 {
(=)} Rd8 34. Nd1 Be7 35. Nc3 Kf8 36. Kd2 Ra8 37. Kc1 Rc8 38. Kb1 Nd7 39. Ra6
Ne5 40. Be2 Nxc4 41. Bxc4 Rxc4 42. Ra8 Rb4 43. Na2 Rb3 44. Nc3 Bf6 45. Kc2 Rb6
46. f4 Rc6 47. Kd3 Ke7 48. Nd1 Bxb2 49. Nxb2 Rc1 50. Kd4 f6 51. h4 e5+ 52. fxe5
fxe5+ 53. Ke3 Rc3+ 54. Kd2 Rxg3 55. Ra7+ Bd7 56. Nc4 Kd8 57. Nxd6 Rf3 58. Nc4
Rh3 59. Nxe5 Be6 60. Nf7+ Bxf7 61. Rxf7 Rxh4 62. Rxg7 Rxe4 63. Rxh7 1/2-1/2

[Event "4NCL Division Four"]
[Site "Warwick, ENG"]
[Date "2023.05.01"]
[Round "11.46"]
[White "Sturt, Charles A"]
[Black "Portman, Carl S"]
[Result "1/2-1/2"]
[WhiteElo "1697"]
[BlackElo "1930"]
[PlyCount "54"]
[EventDate "2023.05.01"]
[WhiteTeam "Celtic Tigers 2"]
[BlackTeam "War and Piece A"]

1. d4 e6 2. c4 d5 3. Nc3 c6 4. Nf3 Nf6 5. Bg5 Nbd7 6. e3 Bb4 7. a3 Bxc3+ 8.
bxc3 Qa5 9. Qb3 Ne4 10. Qb4 Qxb4 11. cxb4 Nxg5 12. Nxg5 h6 13. Nf3 a6 14. c5 g5
15. g4 f6 16. h4 gxh4 17. Rxh4 e5 18. dxe5 Nxe5 19. Nxe5 fxe5 20. g5 Kf7 21.
gxh6 Kg6 22. Bh3 Rxh6 23. Rxh6+ Kxh6 24. Bxc8 Rxc8 25. Ke2 Kg6 26. Rg1+ Kf6 27.
Rh1 Kg6 1/2-1/2

[Event "4NCL Division Four"]
[Site "Warwick, ENG"]
[Date "2023.05.01"]
[Round "11.51"]
[White "Adams, Mark"]
[Black "Robson, Ian A"]
[Result "0-1"]
[WhiteElo "2015"]
[BlackElo "2231"]
[PlyCount "63"]
[EventDate "2023.05.01"]
[WhiteTeam "The Full Ponty"]
[BlackTeam "Wotton Hall"]

1. e4 e6 2. d4 d5 3. Nc3 dxe4 4. Nxe4 Nd7 5. Nf3 Ngf6 6. Bg5 Be7 7. Bd3 h6 8.
Nxf6+ Nxf6 9. Bxf6 Bxf6 10. O-O O-O 11. Qe2 c5 12. Rad1 cxd4 13. Qe4 g6 14. Ne5
Qd5 15. f4 Rd8 16. Qe2 Bd7 17. Rf3 Be8 18. Rh3 Bg7 19. Ng4 h5 20. Ne5 Rac8 21.
Re1 Rc7 22. b3 a6 23. g4 Bxe5 24. fxe5 Bc6 25. Be4 Qxe4 26. Qxe4 Bxe4 27. Rxe4
hxg4 28. Rxg4 Rxc2 29. Rgh4 Kf8 30. Rd3 Rxa2 31. Rf4 Re2 32. Rh4 0-1

[Event "4NCL Division Four"]
[Site "Warwick, ENG"]
[Date "2023.05.01"]
[Round "11.52"]
[White "Ashworth, Michael"]
[Black "Fletcher, John"]
[Result "1-0"]
[WhiteElo "2107"]
[BlackElo "2003"]
[PlyCount "67"]
[EventDate "2023.05.01"]
[WhiteTeam "Wotton Hall"]
[BlackTeam "The Full Ponty"]

1. d4 Nf6 2. c4 e6 3. Nc3 Bb4 4. Qc2 c5 5. dxc5 Bxc5 6. Nf3 O-O 7. Bg5 Nc6 8.
e3 Be7 9. Be2 d5 10. O-O b6 11. Rfd1 Nb4 12. Qb1 Bb7 13. e4 Qc7 14. exd5 exd5
15. a3 Na6 16. Bxf6 Bxf6 17. Nxd5 Bxd5 18. Rxd5 Nc5 19. Qc2 Rfe8 20. Bf1 g6 21.
Rad1 Re7 22. Nd4 Rae8 23. Nb5 Qf4 24. Nd6 Rb8 25. b4 Ne6 26. Qd2 Qxd2 27. R5xd2
Nd4 28. Rxd4 Bxd4 29. Rxd4 Re1 30. f3 Ra1 31. Rd3 Kf8 32. Kf2 Rd8 33. c5 Ke7
34. Re3+ 1-0

[Event "4NCL Division Four"]
[Site "Warwick, ENG"]
[Date "2023.05.01"]
[Round "11.53"]
[White "Davis, Lee"]
[Black "Ashworth, Robert"]
[Result "1/2-1/2"]
[WhiteElo "2051"]
[BlackElo "1907"]
[PlyCount "44"]
[EventDate "2023.05.01"]
[WhiteTeam "The Full Ponty"]
[BlackTeam "Wotton Hall"]

1. c4 e6 2. g3 d5 3. Bg2 Nf6 4. d4 Be7 5. Nf3 O-O 6. O-O c6 7. Nbd2 b6 8. Qc2
Bb7 9. b3 c5 10. Bb2 Nc6 11. dxc5 Bxc5 12. cxd5 exd5 13. Rad1 Qe7 14. Qf5 Rfe8
15. Bxf6 Qxf6 16. Qxd5 Rad8 17. Qc4 Nd4 18. Nxd4 Rxd4 19. Qb5 Red8 20. Bxb7 Qe7
21. Bf3 Rxd2 22. Rxd2 Rxd2 1/2-1/2

[Event "4NCL Division Four"]
[Site "Warwick, ENG"]
[Date "2023.05.01"]
[Round "11.54"]
[White "Moldovan, Alexandru-Mitic"]
[Black "Hughes, Anthony"]
[Result "1/2-1/2"]
[WhiteElo "1758"]
[BlackElo "1939"]
[PlyCount "46"]
[EventDate "2023.05.01"]
[WhiteTeam "Wotton Hall"]
[BlackTeam "The Full Ponty"]

1. e4 c6 2. d4 d5 3. Nc3 dxe4 4. Nxe4 Nf6 5. Nxf6+ exf6 6. Nf3 Bd6 7. Be3 O-O
8. Qd2 Re8 9. Bd3 b5 10. a3 Bg4 11. h3 Bh5 12. g4 Bg6 13. Bxg6 hxg6 14. O-O-O
Nd7 15. Bf4 Nb6 16. Bxd6 Qxd6 17. Kb1 a5 18. h4 b4 19. a4 Nxa4 20. g5 Rab8 21.
h5 Nc3+ 22. Ka1 Nxd1 23. hxg6 fxg6 1/2-1/2

[Event "4NCL Division Four"]
[Site "Warwick, ENG"]
[Date "2023.05.01"]
[Round "11.55"]
[White "Davies, Peter"]
[Black "Maclannan, Richard"]
[Result "0-1"]
[WhiteElo "1890"]
[BlackElo "1811"]
[PlyCount "58"]
[EventDate "2023.05.01"]
[WhiteTeam "The Full Ponty"]
[BlackTeam "Wotton Hall"]

1. e4 e5 2. f4 Bc5 3. Nf3 d6 4. Bc4 Nf6 5. d3 Nc6 6. c3 Bg4 7. Qe2 Qd7 8. b4
Bb6 9. b5 Na5 10. fxe5 Bxf3 11. Qxf3 dxe5 12. Be3 Nxc4 13. dxc4 Qd3 14. Bxb6
Qxf3 15. gxf3 axb6 16. Nd2 Nd7 17. Ke2 Ke7 18. Nb3 Ra4 19. Nd2 Rha8 20. Rhd1
Rxa2 21. Rac1 Nc5 22. Ke3 Rd8 23. Nf1 Rxd1 24. Rxd1 Rc2 25. Nd2 Rxc3+ 26. Ke2
Ne6 27. Ra1 Nd4+ 28. Kf2 Rc2 29. Ke3 Rxd2 0-1

[Event "4NCL Division Four"]
[Site "Warwick, ENG"]
[Date "2023.05.01"]
[Round "11.56"]
[White "Munden, Matthew J"]
[Black "Dixon, Chris"]
[Result "0-1"]
[WhiteElo "1567"]
[BlackElo "1802"]
[PlyCount "64"]
[EventDate "2023.05.01"]
[WhiteTeam "Wotton Hall"]
[BlackTeam "The Full Ponty"]

1. e4 d6 2. d4 Nf6 3. Nc3 g6 4. h3 Bg7 5. Nf3 O-O 6. Bf4 c6 7. Qd2 b5 8. a3 a6
9. Rd1 Qc7 10. Bh6 Nbd7 11. Bxg7 Kxg7 12. Bd3 Bb7 13. O-O e5 14. dxe5 dxe5 15.
Qe3 c5 16. Be2 Nb6 17. b4 cxb4 18. axb4 Rac8 19. Nxe5 Qxe5 20. Qxb6 Rxc3 21.
Qxb7 Rxc2 22. Bd3 Ra2 23. f4 Qb2 24. e5 Nh5 25. e6 Qxb4 26. e7 Re8 27. Rfe1
Qd4+ 28. Kh2 Qxf4+ 29. Kg1 Qf2+ 30. Kh2 Qg3+ 31. Kh1 Nf4 32. Rg1 Nxh3 0-1

[Event "4NCL Division Four"]
[Site "Warwick, ENG"]
[Date "2023.05.01"]
[Round "11.61"]
[White "Ireland, David J"]
[Black "Maton, Emily"]
[Result "0-1"]
[WhiteElo "1932"]
[BlackElo "1755"]
[PlyCount "66"]
[EventDate "2023.05.01"]
[WhiteTeam "Coventry"]
[BlackTeam "She Plays To Win Lionesses"]

1. e4 e6 2. d4 d5 3. Nd2 c5 4. exd5 Qxd5 5. dxc5 Bxc5 6. Ngf3 Nf6 7. Bd3 Nc6 8.
a3 O-O 9. b4 Bd4 10. Rb1 Ne5 11. Nxe5 Bxe5 12. Qf3 b6 13. Qxd5 Nxd5 14. Be4 Rb8
15. Bxd5 exd5 16. Nf3 f6 17. Bb2 Bf5 18. Nxe5 fxe5 19. Bxe5 Rbe8 20. f4 Bxc2
21. Rc1 Rxf4 22. Rxc2 Rxe5+ 23. Kd1 Re3 24. Re1 Rd4+ 25. Rd2 Rxd2+ 26. Kxd2
Rxe1 27. Kxe1 Kf7 28. Ke2 Ke6 29. Ke3 b5 30. Kd4 Kd6 31. h3 g5 32. g3 h5 33. h4
g4 0-1

[Event "4NCL Division Four"]
[Site "Warwick, ENG"]
[Date "2023.05.01"]
[Round "11.62"]
[White "Latypova, Olga L"]
[Black "Pink, Joshua"]
[Result "1/2-1/2"]
[WhiteElo "1757"]
[BlackElo "1901"]
[PlyCount "175"]
[EventDate "2023.05.01"]
[WhiteTeam "She Plays To Win Lionesses"]
[BlackTeam "Coventry"]

1. e4 c6 2. d4 d5 3. Nc3 dxe4 4. Nxe4 Bf5 5. Ng3 Bg6 6. Nf3 Nd7 7. h4 h6 8. h5 Bh7 9. Bd3 Bxd3 10. Qxd3 e6 11. Bd2 Ngf6 12. O-O-O Qc7 13. Kb1 Bd6 14. Ne4 Nxe4 15. Qxe4 Nf6 16. Qe2 O-O-O 17. g3 Rhe8 18. Ne5 Bxe5 19. dxe5 Nd5 20. Rh4 Ne7 21. Ra4 a6 22. Re1 Rd5 23. c4 Rd7 24. Ba5 b6 25. Bc3 Kb7 26. g4 c5 27. Qf3+ Qc6 28. Re3 Red8 29. Ra3 Qxf3 30. Rxf3 Nc6 31. Rb3 Rd1+ 32. Kc2 R8d7 33. Rxf7 Rxf7 34. Kxd1 Rxf2 35. Be1 Rf4 36. Rg3 Rxc4 37. g5 Nxe5 38. Bc3 Re4 39. g6 Kc6 40. Rg2 b5 41. Rf2 b4 42. Bd2 Rh4 43. Rf7 Rxh5 44. Rxg7 Rh1+ 45. Kc2 Rg1 46. Bf4 Nxg6 47. Bxh6 Rg2+ 48. Kb3 Nh4 49. Re7 Re2 50. Re8 Nf5 51. Bf8 Nd4+ 52. Ka4 Nb5 53. Rc8+ Nc7 54. Bxc5 Rxb2 55. Bxb4 Kb7 56. Rh8 Rxa2+ 57. Kb3 Rg2 58. Rh7 Kc6 59. Bc3 Nd5 60. Be5 Re2 61. Bd4 Nb6 62. Ra7 e5 63. Bxe5 Rxe5 64. Rxa6 Kb5 65. Ra7 Re3+ 66. Kc2 Na4 67. Rg7 Nc5 68. Kd2 Rd3+ 69. Ke2 Rh3 70. Rg4 Ne6 71. Re4 Nc7 72. Kf2 Nd5 73. Kg2 Rb3 74. Kf2 Kc5 75. Rh4 Kd6 76. Ke2 Ke5 77. Kd2 Rg3 78. Ra4 Nf6 79. Rb4 Ne4+ 80. Ke2 Kf4 81. Rb8 Rg2+ 82. Kd3 Rd2+ 83. Kc4 Nd6+ 84. Kc3 Ne4+ 85. Kc4 Rd7 86. Rh8 Rc7+ 87. Kd3 Rc3+ 88. Kd4 1/2-1/2

[Event "4NCL Division Four"]
[Site "Warwick, ENG"]
[Date "2023.05.01"]
[Round "11.63"]
[White "Goodwin, Ed H"]
[Black "Rida, Ruqayyah"]
[Result "1-0"]
[WhiteElo "1817"]
[BlackElo "1786"]
[PlyCount "69"]
[EventDate "2023.05.01"]
[WhiteTeam "Coventry"]
[BlackTeam "She Plays To Win Lionesses"]

1. d4 Nf6 2. c4 g6 3. Nc3 Bg7 4. e4 d6 5. f4 c5 6. d5 O-O 7. Be2 Na6 8. Nf3 Nc7 9. O-O a6 10. a4 Rb8 11. a5 b5 12. axb6 Na8 13. Qe1 Nxb6 14. Qh4 Re8 15. e5 Nfd7 16. Ng5 Nf8 17. Bd3 h6 18. Nge4 f5 19. exf6 exf6 20. f5 Bxf5 21. Bxh6 Nh7 22. Bxg7 Kxg7 23. Rxf5 gxf5 24. Ng3 Rb7 25. Nxf5+ Kh8 26. Rxa6 Qd7 27. Ra1 Nxc4 28. Qxc4 Rb4 29. Qa6 c4 30. Qxd6 Qb7 31. Be4 Rxb2 32. Ng3 Qb3 33. Qd7 Qb6+ 34. Kh1 Rxe4 35. Ngxe4 1-0

[Event "4NCL Division Four"]
[Site "Warwick, ENG"]
[Date "2023.05.01"]
[Round "11.64"]
[White "Chan, Michelle (Ngo Yu)"]
[Black "Ward, Andrew"]
[Result "1-0"]
[WhiteElo "1586"]
[BlackElo "1838"]
[PlyCount "87"]
[EventDate "2023.05.01"]
[WhiteTeam "She Plays To Win Lionesses"]
[BlackTeam "Coventry"]

1. e4 e6 2. d4 d5 3. e5 c5 4. c3 Nc6 5. Nf3 Bd7 6. Be2 Nge7 7. dxc5 Ng6 8. b4 Ncxe5 9. Nxe5 Nxe5 10. O-O Be7 11. Be3 O-O 12. Nd2 Bf6 13. Bd4 b6 14. Nf3 Nxf3+ 15. Bxf3 Bb5 16. Be2 Bxe2 17. Qxe2 bxc5 18. Bxc5 Re8 19. Rac1 a5 20. b5 Qc7 21. Qe3 Rec8 22. Bb6 Qc4 23. Rb1 Qxc3 24. Qxc3 Rxc3 25. Rfc1 a4 26. Rxc3 Bxc3 27. Rc1 d4 28. Bc7 Ra7 29. b6 Rb7 30. Kf1 Kf8 31. Ke2 Ke7 32. Kd3 Ba5 33. Rb1 Kd7 34. Kxd4 Bxb6+ 35. Bxb6 Kc6 36. Kc4 Rxb6 37. Rxb6+ Kxb6 38. Kb4 g5 39. Kxa4 f5 40. Kb4 h5 41. Kc4 h4 42. Kd4 g4 43. f4 gxf3 44. gxf3 1-0

[Event "4NCL Division Four"]
[Site "Warwick, ENG"]
[Date "2023.05.01"]
[Round "11.65"]
[White "Manickam, Saravanna Bava"]
[Black "Acharya, Kandara"]
[Result "0-1"]
[WhiteElo "1807"]
[BlackElo "1558"]
[PlyCount "100"]
[EventDate "2023.05.01"]
[WhiteTeam "Coventry"]
[BlackTeam "She Plays To Win Lionesses"]

1. d4 Nf6 2. Bf4 g6 3. Nc3 Bg7 4. e4 d6 5. Qd2 O-O 6. Bh6 Ng4 7. Bxg7 Kxg7 8. f3 Nf6 9. O-O-O Nbd7 10. g4 e5 11. h4 h6 12. Be2 c6 13. Nh3 b5 14. dxe5 dxe5 15. g5 hxg5 16. Qxg5 Nh5 17. Qe3 Qf6 18. Rdg1 Nb6 19. Qf2 Bxh3 20. Rxh3 Nf4 21. Rh2 Rh8 22. Nd1 Nxe2+ 23. Qxe2 Rxh4 24. Ne3 Rxh2 25. Qxh2 Rh8 26. Qg3 Kf8 27. Kb1 Qf4 28. Qxf4 exf4 29. Ng2 g5 30. b3 Ke7 31. Ne1 Nd7 32. Nd3 f6 33. e5 Nxe5 34. Nxe5 fxe5 35. Rxg5 Kd6 36. Rg2 Rh1+ 37. Kb2 Rf1 38. Kc3 Rxf3+ 39. Kd2 e4 40. Ke2 Rg3 41. Rh2 f3+ 42. Kf2 Rg2+ 43. Rxg2 fxg2 44. Kxg2 Kd5 45. c3 c5 46. a3 a5 47. Kf2 b4 48. c4+ Kd4 49. axb4 axb4 50. Ke2 e3 0-1

[Event "4NCL Division Four"]
[Site "Warwick, ENG"]
[Date "2023.05.01"]
[Round "11.71"]
[White "Garnett, John S"]
[Black "Foster, Cyril"]
[Result "1-0"]
[WhiteElo "1942"]
[BlackElo "1731"]
[PlyCount "41"]
[EventDate "2023.05.01"]
[WhiteTeam "Ashfield 2"]
[BlackTeam "Oxford 3"]

1. d4 Nf6 2. Bg5 d5 3. e3 e6 4. c4 Be7 5. Nc3 O-O 6. cxd5 exd5 7. Bd3 c6 8. Qc2 Nbd7 9. Nf3 Re8 10. O-O h6 11. Bf4 Nf8 12. Rab1 Bd6 13. Bxd6 Qxd6 14. b4 Bg4 15. Ne5 Be6 16. Na4 Rac8 17. Nc5 b6 18. Nxe6 Nxe6 19. Qa4 Re7 20. Rfc1 c5 21. Qa6 1-0

[Event "4NCL Division Four"]
[Site "Warwick, ENG"]
[Date "2023.05.01"]
[Round "11.72"]
[White "Cole, Graham"]
[Black "Walentowicz, Stefan"]
[Result "1/2-1/2"]
[WhiteElo "1725"]
[BlackElo "1904"]
[PlyCount "45"]
[EventDate "2023.05.01"]
[WhiteTeam "Oxford 3"]
[BlackTeam "Ashfield 2"]

1. e4 e5 2. Nf3 Nf6 3. Bc4 Nc6 4. d4 exd4 5. e5 d5 6. Bb5 Bb4+ 7. c3 dxc3 8. bxc3 Qe7 9. Bxc6+ bxc6 10. O-O Bc5 11. exf6 Qxf6 12. Be3 Bd6 13. Qd4 Qg6 14. Bf4 O-O 15. Bxd6 cxd6 16. Re1 Be6 17. Nbd2 Rfe8 18. Qf4 Rad8 19. Nd4 c5 20. Nxe6 fxe6 21. Qg3 Qf6 22. Rab1 Rd7 23. Qf3 1/2-1/2

[Event "4NCL Division Four"]
[Site "Warwick, ENG"]
[Date "2023.05.01"]
[Round "11.73"]
[White "Lane, Tim A"]
[Black "Staples, Neil"]
[Result "1/2-1/2"]
[WhiteElo "1820"]
[BlackElo "1774"]
[PlyCount "41"]
[EventDate "2023.05.01"]
[WhiteTeam "Ashfield 2"]
[BlackTeam "Oxford 3"]

1. b3 d6 2. Bb2 e5 3. e3 Nf6 4. d4 Nbd7 5. Bc4 Be7 6. Nc3 exd4 7. Qxd4 c6 8. Nf3 O-O 9. Be2 Qb6 10. Rd1 Qxd4 11. Rxd4 Nb6 12. Ba3 c5 13. Rd2 a6 14. O-O Re8 15. h3 Bf5 16. Bd3 Bxd3 17. Rxd3 Bf8 18. Bb2 Nbd7 19. Nd5 Nxd5 20. Rxd5 b5 21. Nd2 1/2-1/2

[Event "4NCL Division Four"]
[Site "Warwick, ENG"]
[Date "2023.05.01"]
[Round "11.74"]
[White "Kocan, Barry A"]
[Black "Flynn, David"]
[Result "0-1"]
[WhiteElo "1620"]
[BlackElo "1896"]
[PlyCount "108"]
[EventDate "2023.05.01"]
[WhiteTeam "Oxford 3"]
[BlackTeam "Ashfield 2"]

1. e4 c5 2. Nf3 Nc6 3. d4 cxd4 4. Nxd4 g6 5. Be3 Bg7 6. Be2 Nf6 7. Nc3 O-O 8. g4 d5 9. Nxc6 bxc6 10. e5 Ne4 11. Nxe4 dxe4 12. Qxd8 Rxd8 13. Bf4 Rb8 14. Rb1 Be6 15. b3 Rb7 16. g5 f6 17. exf6 exf6 18. gxf6 Bxf6 19. h4 Rbd7 20. c4 e3 21. Bxe3 Bf5 22. O-O Bxb1 23. Rxb1 Be5 24. Bf3 Rc7 25. Kg2 Kg7 26. Kh3 Rf8 27. Be4 c5 28. Rd1 Bf4 29. Bxf4 Rxf4 30. f3 Rff7 31. Bd5 Rfe7 32. Be4 Rcd7 33. Rxd7 Rxd7 34. Bd5 Kf6 35. Kg4 Re7 36. a3 a5 37. Kf4 Re1 38. a4 Rh1 39. Kg3 Rb1 40. Bc6 Rxb3 41. Bb5 Ke5 42. Kg4 h5+ 43. Kg5 Rxb5 44. axb5 a4 45. b6 Kd6 46. Kxg6 a3 47. b7 Kc7 48. b8=Q+ Kxb8 49. f4 a2 50. f5 a1=Q 51. f6 Qa6 52. Kg5 Qxc4 53. Kxh5 Qf7+ 54. Kg5 c4 0-1

[Event "4NCL Division Four"]
[Site "Warwick, ENG"]
[Date "2023.05.01"]
[Round "11.75"]
[White "Bromilow, Edward T"]
[Black "Rumsby, Stephen"]
[Result "1-0"]
[WhiteElo "1820"]
[BlackElo "1651"]
[PlyCount "51"]
[EventDate "2023.05.01"]
[WhiteTeam "Ashfield 2"]
[BlackTeam "Oxford 3"]

1. d4 Nf6 2. Nf3 d5 3. e3 Bf5 4. c4 c6 5. Qb3 Qd7 6. Ne5 Qc7 7. Nc3 e6 8. Bd2 Be7 9. Rc1 a6 10. cxd5 exd5 11. Nxd5 Nxd5 12. Qxd5 O-O 13. Nxc6 Be6 14. Nxe7+ Qxe7 15. Qf3 Qd7 16. b3 Nc6 17. Bc4 Bg4 18. Qg3 b5 19. Bd5 Qxd5 20. Qxg4 Ne7 21. O-O f5 22. Qf3 Qd6 23. Rc5 Rad8 24. Bb4 f4 25. Rxb5 Qe6 26. Re5 1-0

[Event "4NCL Division Four"]
[Site "Warwick, ENG"]
[Date "2023.05.01"]
[Round "11.76"]
[White "Matilal, Tamal"]
[Black "Graham, Neil"]
[Result "0-1"]
[WhiteElo "1354"]
[BlackElo "1780"]
[PlyCount "62"]
[EventDate "2023.05.01"]
[WhiteTeam "Oxford 3"]
[BlackTeam "Ashfield 2"]

1. f4 e5 2. e4 Bc5 3. Nf3 d6 4. Bc4 Nf6 5. fxe5 dxe5 6. Bxf7+ Kxf7 7. Nxe5+ Ke8 8. c3 Nc6 9. Nxc6 bxc6 10. d4 Bb6 11. Bg5 h6 12. Bxf6 Qxf6 13. Nd2 Rf8 14. Nf3 Bg4 15. O-O Qe6 16. Qd3 Bxf3 17. Rxf3 Rxf3 18. Qxf3 Kd7 19. b3 Re8 20. Rf1 Qxe4 21. Qh3+ Kd8 22. Kh1 Qe2 23. Qf5 Qxa2 24. Qf7 Qe2 25. Rf2 Qe1+ 26. Rf1 Qxc3 27. Qxg7 Kc8 28. Qg4+ Kb7 29. h3 Bxd4 30. Kh2 Be5+ 31. Kh1 Qg3 0-1